000 00292cam a2200109ua 4500
082 _a821
_bGRI/OX
100 _aGrierson, H J C .
_91956
245 _aOxford Book of Seventeenth Century Verse /
260 _aLondon :
_bOxford at the Clarendon Press ,
_c1958.
300 _a971 ; .
942 _cBK
999 _c5134
_d5134